Project planner (Record no. 89767)

MARC details
000 -LEADER
fixed length control field 00531cam a2200205 4500
008 - FIXED-LENGTH DATA ELEMENTS--GENERAL INFORMATION
fixed length control field 090401t1990 xxu||||| |||| 00| 0 eng d
020 ## - INTERNATIONAL STANDARD BOOK NUMBER
International Standard Book Number 056602845X
035 ## - SYSTEM CONTROL NUMBER
System control number (Sirsi) u32884
041 ## - LANGUAGE CODE
Language code of text/sound track or separate title eng
050 ## - LIBRARY OF CONGRESS CALL NUMBER
Classification number 658.404
100 ## - MAIN ENTRY--PERSONAL NAME
Personal name Lock, Dennis
245 ## - TITLE STATEMENT
Title Project planner
260 ## - PUBLICATION, DISTRIBUTION, ETC.
Place of publication, distribution, etc. Aldershot,Hants
Name of publisher, distributor, etc. Gower
Date of publication, distribution, etc. 1990
300 ## - PHYSICAL DESCRIPTION
Extent lv. (loose-leaf) ; 31cm.
350 ## - PRICE (NR) (BK AM CF MU VM SE) [OBSOLETE]
Price 95
520 ## - SUMMARY, ETC.
Summary, etc. Includes 130p. booklet in pocket inside folder.
650 ## - SUBJECT ADDED ENTRY--TOPICAL TERM
Topical term or geographic name entry element MANAGEMENT-PROJECT MANAGEMENT
942 ## - ADDED ENTRY ELEMENTS (KOHA)
Suppress in OPAC 0
948 ## - LOCAL PROCESSING INFORMATION (OCLC); SERIES PART DESIGNATOR (RLIN)
c (OCLC) 04/03/1997
Holdings
Withdrawn status Lost status Source of classification or shelving scheme Damaged status Not for loan Home library Current library Shelving location Date acquired Cost, normal purchase price Total Checkouts Full call number Barcode Date last seen Copy number Cost, replacement price Price effective from Koha item type
    Dewey Decimal Classification     London London Basement 14/09/1999 95.00   BASEMENT 30006396 06/08/2019 1 95.00 06/08/2019 Book